书目信息 |
| 题名: |
子女思想道德教育
|
|
| 作者: | 蔡国英 主编 | |
| 分册: | ||
| 出版信息: | 银川 宁夏人民出版社 2009.05 |
|
| 页数: | 87页 | |
| 开本: | 21cm | |
| 丛书名: | 走进小康丛书 | |
| 单 册: | ||
| 中图分类: | G78 | |
| 科图分类: | ||
| 主题词: | 家庭教育--jia ting jiao yu--品德教育 | |
| 电子资源: | ||
| ISBN: | 978-7-227-04066-8 | |
| 000 | 00909nam 2200277 450 | |
| 001 | 012010773765 | |
| 005 | 20100411194736.70 | |
| 010 | @a978-7-227-04066-8@dCNY7.20 | |
| 100 | @a20100411d2009 em y0chiy0120 ea | |
| 101 | 0 | @achi |
| 102 | @aCN@b630000 | |
| 105 | @ay z 000yy | |
| 106 | @ar | |
| 200 | 1 | @a子女思想道德教育@Azi nu si xiang dao de jiao yu |
| 210 | @a银川@c宁夏人民出版社@d2009.05 | |
| 215 | @a87页@d21cm | |
| 225 | 2 | @a走进小康丛书@Azou jin xiao kang cong shu |
| 314 | @a书中责任者: 蔡国英主编 | |
| 330 | @a本书分四章讲述了“给孩子一生的财富、学龄前儿童思想道德教育、小学阶段思想道德教育、中学阶段思想道德教育”四部分内容。 | |
| 333 | @a本书适用于广大农民读者。 | |
| 410 | 0 | @12001 @a走进小康丛书 |
| 606 | 0 | @a家庭教育@Ajia ting jiao yu@x品德教育 |
| 690 | @aG78@v4 | |
| 701 | 0 | @a蔡国英@Acai guo ying@4主编 |
| 801 | 0 | @aCN@bQSSK@c20100411 |
| 905 | @b776918-20@dG78@eC038@f3 | |
| 子女思想道德教育.-银川:宁夏人民出版社,2009.05 |
| 87页;21cm.-(走进小康丛书) |
| 使用对象:本书适用于广大农民读者。 |
| ISBN 978-7-227-04066-8:CNY7.20 |
| 本书分四章讲述了“给孩子一生的财富、学龄前儿童思想道德教育、小学阶段思想道德教育、中学阶段思想道德教育”四部分内容。 |
| ● |
| 相关链接 |
|
|
|
正题名:子女思想道德教育
索取号:G78/C038
 
预约/预借
| 序号 | 登录号 | 条形码 | 馆藏地/架位号 | 状态 | 备注 |
| 1 | 776918 | 207769182 | 社科二线422/409社科库 18排4列4层/ [索取号:G78/C038] | 在馆 | |
| 2 | 776919 | 207769191 | 社科二线422/409社科库 18排4列4层/ [索取号:G78/C038] | 在馆 | |
| 3 | 776920 | 207769208 | 社科二线422/309社科库 33排1列5层/ [索取号:G78/C038] | 在馆 |